000 01290cam a2200361 i 4500
001 200468122
003 TR-AnTOB
005 20260415141528.0
007 ta
008 260415s1967 nyu 000 0 eng
010 _a 67014966
035 _a(CLU)3191817-ucladb-Voyager
035 _a(OCoLC)00260279
_z(OCoLC)3051282
035 _a(OCoLC)ocm00260279
035 _a(EXLNZ-01UCS_NETWORK)9912966366106531
035 _a(TR-AnTOB)200468122
040 _aDLC
_beng
_erda
_cWRJ
_dDLC
_dBTCTA
_dYVO
_dOCLCF
_dOCLCQ
_dOCLCO
_dNZ1
_dOCLCO
_dOCLCL
_dTR-AnTOB
041 0 _aeng
050 0 4 _aHQ796
_b.T6762 1967
090 _aHQ796
_b.T6762 1967
100 1 _aTornabene, Lyn
_eauthor
_4aut
_9153670
245 1 0 _aI passed as a teenager /
_cby Lyn Tornabene.
264 1 _aNew York :
_bSimon and Schuster,
_c[1967]
300 _a253 pages ;
_c22 cm
336 _atext
_btxt
_2rdacontent
337 _aunmediated
_bn
_2rdamedia
338 _avolume
_bnc
_2rdacarrier
520 _aPersonal experiences of a 33-year-old journalist who enrolled in high school as a junior to study the way of life and ideas of young people of today.
650 0 _aAdolescence
_0http://id.loc.gov/authorities/subjects/sh85000952
_976787
942 _2lcc
_cBK
999 _c200468122
_d86334